Steden Oekraïne - Sudden Death - 10 steden Oekraine - Statistieken

Algemene statistieken
  • Deze quiz is 36 keer genomen
  • De gemiddelde score is 6 van 10
Answers on the Grid
Answers color-coded by a green-red scale on the quiz's grid according to % correct below.
Minsk
Kiev
Chisinau
Charkov
Dnipro
Krasnodar
Odessa
Donetsk
Zaporizja
Lublin
Lviv
Kryvy Rih
Mykolajiv
Marioepol
Brjansk
 
Antwoordstatistieken
Antwoord % Correct
Kiev
100%
Dnipro
70%
Marioepol
70%
Charkov
60%
Lviv
60%
Donetsk
60%
Kryvy Rih
40%
Mykolajiv
40%
Odessa
40%
Zaporizja
40%
Geen overeenkomende quizzen gevonden
Scoreverdeling
Procent van Mensen met Elke Score
Percentiel versus Aantal Correcte Antwoorden
Uw Scoregeschiedenis
U heeft deze quiz nog niet genomen